00722nam a2200217Ia 4500003000400000005001700004008004100021020001800062040001800080041000800098082001800106100002000124245011600144250001300260260003300273300003100306650006000337650004400397650004400441700001900485OSt20241003114843.0210716s2015 xx 000 0 und d a9780415437646 cAIMIT LIBRARY aeng a382 22bJOHD aJohnson, Debra. aInternational business : bthemes and issues in the modern global economy /cBy Debra Johnson and Colin Turner. a2 nd ed. aLondon :bRoutledge ,c2015. axxvii,496p. ;bPBc25.2 cm aGlobalisation and the context of international business aEnterprise issues in the global economy aChallenges for the global resource base aTurner, Colin.